000 00633nam a2200241 a 4500
001 nice12345678
003 IN_TiNIC
005 20260116013853.0
008 050524s1967 newa grp 000 0 eng
020 _a0385054
_c284
082 0 0 _a306.6
_bBER
100 _aBerger, Peter L
245 _aSacred Canopy
_b Elements of a Sociological Theory of Religion.
260 _aNew York
_bDoubleday
_c1967
300 _a229p
500 _aincludes index and biblioraphy
505 2 _aSubject Index.
650 _aReligion and Sociology
700 1 _aBerger, Peter L
902 _bSRS
942 _cBK
999 _c12887
_d12887